Regional Economic Outlook, April 2021, Sub-Saharan Africa.

Sub-Saharan Africa is still contending with an unprecedented health and economic crisis. In the months since the October 2020 Regional Economic Outlook: Sub-Saharan Africa, the region has confronted a second coronavirus (COVID-19) wave that swiftly outpaced the scale and speed of the first. While th...

詳細記述

書誌詳細
団体著者: International Monetary Fund. African Dept
フォーマット: 雑誌
言語:English
出版事項: Washington, D.C. : International Monetary Fund, 2021.
オンライン・アクセス:Full text available on IMF
LEADER 01448cas a2200217 a 4500
001 AALejournalIMF021717
008 230101c9999 xx r poo 0 0eng d
020 |c 20.00 USD 
020 |z 9781513575971 
040 |a BD-DhAAL  |c BD-DhAAL 
110 2 |a International Monetary Fund.  |b African Dept. 
240 1 0 |a Regional Economic Outlook, April 2021, Sub-Saharan Africa.  |l Portuguese 
245 1 0 |a Regional Economic Outlook, April 2021, Sub-Saharan Africa. 
264 1 |a Washington, D.C. :  |b International Monetary Fund,  |c 2021. 
300 |a 1 online resource (35 pages) 
500 |a <strong>Off-Campus Access:</strong> No User ID or Password Required 
500 |a <strong>On-Campus Access:</strong> No User ID or Password Required 
506 |a Electronic access restricted to authorized BRAC University faculty, staff and students 
520 3 |a Sub-Saharan Africa is still contending with an unprecedented health and economic crisis. In the months since the October 2020 Regional Economic Outlook: Sub-Saharan Africa, the region has confronted a second coronavirus (COVID-19) wave that swiftly outpaced the scale and speed of the first. While this episode has eased for now, many countries are bracing for further waves, particularly as access to vaccines remains scant. 
538 |a Mode of access: Internet 
856 4 0 |z Full text available on IMF  |u http://elibrary.imf.org/view/books/086/29824-9781513575971-pt/29824-9781513575971-pt-book.xml  |z IMF e-Library